00758nam a2200217Ii 45000010005000000030009000050080041000140400033000550410008000880820014000961000033001102450028001432640069001713000012002403360026002523370028002783380027003069400050003339990017003839520140004005960CO-ViMGA241108s9999||||xx |||||||||||||| ||und|| aCO-ViMGAbspaerdacCO-ViMGA0 aunk04aC861-M5161 aDavid Mejía Velilla95411010aLos días y las noches 1a[Lugar de publicación no identificado] : Canal Ramírez, 1983 avolumen atextbtxt2rdacontent aunmediatedbn2rdamedia avolumebnc2rdacarrier aidficha_siabuc: 5813. -- ficha_no_siabuc:5960 c50972d50972 001040708001aMEVIGERRbMEVIGERRcGENd2006-11-27hVol.1oC861-M516pECA5176r2024-11-26 10:02:24tEj.1w2024-11-26yBKz5813 | 8135